000
00272nam a22001337a 4500
008
181122b xxu||||| |||| 00| 0 eng d
020
_a
0382059743
041
_a
eng
080
_a
781
100
_a
45
101
_a
MUZ
245
_a
Music
_c
Burdett, S
942
_2
udc
_c
BK
999
_c
52404
_d
52404